| 000 | 00798nam a2200205Ii 4500 | ||
|---|---|---|---|
| 003 | JO-AjNU | ||
| 008 | 230605s9999||||xx |||||||||||||| ||und|| | ||
| 017 | _a2009/7/3232 | ||
| 040 |
_aJO-AjNU _bara _erda _cJO-AjNU |
||
| 041 | _aara | ||
| 050 | 1 | 4 | _aPJ7850 2009 |
| 100 | 3 |
_aإعداد أبو شيخ،عبد الكريم ؛ محمد أحمد الزعبي, _eauthor _924785 |
|
| 245 | 0 | 0 | _aأرج القوافي: الكتاب السنوي الأول لمهرجان الرمثا للشعر العربي الذي ينظمه منتدى الرمثا الثقافي |
| 264 | 3 | 1 | _aإربد:المؤلف،2009 |
| 300 | _a140ص | ||
| 336 |
_atext _btxt _2rdacontent |
||
| 337 |
_aunmediated _bn _2rdamedia |
||
| 338 |
_avolume _bnc _2rdacarrier |
||
| 650 | 4 |
_aالشعر العربي - الأردن _924786 |
|
| 999 |
_aA9182 _c12750 _d12750 |
||